Diagnóstico de la información institucional requerida para el censo de vivienda y población 1983
Salvato in:
| Ente Autore: | |
|---|---|
| Natura: | testo |
| Pubblicazione: |
San José:
ADEC
|
| Tags: |
Aggiungi Tag
Nessun Tag, puoi essere il primo ad aggiungerne!!
|
MARC
| LEADER | 00000 a a2200000 04500 | ||
|---|---|---|---|
| 001 | 14444 | ||
| 003 | |||
| 040 | |||
| 090 | |a 022500 | ||
| 110 | |a Instituto Nacional de Vivienda y Urbanismo (Costa Rica) | ||
| 245 | |a Diagnóstico de la información institucional requerida para el censo de vivienda y población 1983 | ||
| 260 | |a San José: |b ADEC | ||
| 300 | |a 29 p. | ||
| 999 | |c 1488 |d 1488 | ||
